Δίκαιο νομικών προσώπων

Αποθηκεύτηκε σε:
Λεπτομέρειες βιβλιογραφικής εγγραφής
Κύριος συγγραφέας: Ρούσσος, Κλεάνθης
Μορφή: Βιβλίο
Γλώσσα:Greek
Δημοσίευση: Αθήνα : Σάκκουλας, 2010
Σειρά:Δίκαιο και Οικονομία
Θέματα:
Ετικέτες: Προσθήκη ετικέτας
Δεν υπάρχουν, Καταχωρήστε ετικέτα πρώτοι!

MARC

LEADER 00000cam a2200000 i 4500
001 1/11658
008 110121s2010 gre d
020 |a 978-960-420-433-5 
035 |l 10109495 
040 |a GR-MY-UA  |b gre  |e aacr 
041 0 |a gre 
082 0 |a 346 
100 1 |a Ρούσσος, Κλεάνθης. 
245 1 0 |a Δίκαιο νομικών προσώπων /  |c Κλεάνθης Ρούσσος ; συνεργάστηκαν Μιχάλης Αυγουστιανάκης ... [κ.ά.] 
260 |a Αθήνα :   |b Σάκκουλας,   |c 2010 
300 |a xxvi, 681 σ.;  |c 25 εκ. 
490 1 |a Δίκαιο και Οικονομία 
500 |a Liber Amicorum Φίλιππου Δωρή 
504 |a Βιβλιογραφία: σ.647-666 
504 |a Ευρετήριο: σ.667-681 
650 0 0 |a Corporation law. 
650 0 0 |a Civil law. 
650 0 0 |a Corporation law  |z Greece. 
650 0 0 |a Civil law  |z Greece. 
650 0 0 |a Juristic persons. 
830 0 |a Δίκαιο και Οικονομία 
852 |a INST  |b CHIOS  |e 20110121  |h 346 ΡΟΥ  |p 005200031320  |q 005200031320  |t BK  |y 0 
901 |a BIBL2-2011-1 
909 |a Χ  |b 149229 
970 |a ΣΠΕΝΤΖΑ  |b ΕΛΕΝΗ  |z 2011/01/21